[Event "11th LCC FIDE Open 2019"]
[Site "London"]
[Date "2019.12.05"]
[Round "9.21"]
[White "Bucher, Grant W"]
[Black "Taylor, Adam C"]
[Result "0-1"]
[WhiteElo "2121"]
[BlackElo "2371"]
[Annotator "NA"]
[PlyCount "46"]
[EventDate "2019.11.29"]
[EventType "swiss"]
[EventCountry "ENG"]
[SourceTitle "playchess.com"]
[Source "ChessBase"]
[SourceQuality "1"]
[TimeControl "40/5400+30:1800+30"]

1. e4 {[%emt 0:00:00]} e5 {[%emt 0:00:00]} 2. f4 {[%emt 0:00:00]} d5 {[%emt 0:00:29]} 3. exd5 {[%emt 0:00:00]} exf4 {[%emt 0:00:08]} 4. Nf3 {[%emt 0:00:01]} Nf6 {[%emt 0:01:32]} 5. Bc4 {[%emt 0:00:15]} Qe7+ {[%emt 0:02:00]} 6. Qe2 {[%emt 0:01:31]} Qxe2+ {[%emt 0:02:04]} 7. Kxe2 {[%emt 0:02:28]} Bd6 {[%emt 0:03:10]} 8. Re1 {[%emt 0:03:27]} O-O {[%emt 0:00:29]} 9. Kf1 {[%emt 0:04:51]} Nbd7 {[%emt 0:01:40]} 10. Nc3 {[%emt 0:03:52]} a6 {[%emt 0:07:30]} 11. a4 {[%emt 0:07:04]} Nb6 {[%emt 0:07:16]} 12. Bb3 {[%emt 0:01:34]} Bg4 {[%emt 0:00:06]} 13. Ne5 {[%emt 0:17:38]} Rae8 {[%emt 0:13:06]} 14. d4 {[%emt 0:03:42]} g5 {[%emt 0:00:09]} 15. h4 {[%emt 0:05:14]} h6 {[%emt 0:00:43]} 16. hxg5 {[%emt 0:01:33]} hxg5 {[%emt 0:00:04]} 17. g3 {[%emt 0:00:42]} Bh3+ {[%emt 0:03:54]} 18. Kg1 {[%emt 0:05:01]} Ng4 {[%emt 0:00:19]} 19. gxf4 {[%emt 0:11:05]} f6 {[%emt 0:00:37]} 20. Ne4 {[%emt 0:06:18]} fxe5 {[%emt 0:02:20]} 21. dxe5 {[%emt 0:06:17]} gxf4 {[%emt 0:01:56]} 22. exd6 {[%emt 0:04:57]} f3 {[%emt 0:00:26]} 23. Bg5 {[%emt 0:01:34]} Rxe4 {[%emt 0:00:12]} 0-1

[Event "11th LCC FIDE Open 2019"]
[Site "London"]
[Date "2019.12.05"]
[Round "9.22"]
[White "Walker, Martin G"]
[Black "Risting, Eivind Olav"]
[Result "1/2-1/2"]
[WhiteElo "2162"]
[BlackElo "2298"]
[Annotator "TA"]
[PlyCount "106"]
[EventDate "2019.11.29"]
[EventType "swiss"]
[EventCountry "ENG"]
[SourceTitle "playchess.com"]
[Source "ChessBase"]
[SourceQuality "1"]

{[%evp 13,106,33,35,22,32,24,32,0,12,0,0,0,0,0,22,29,9,10,13,9,17,14,12,14,210,-45,-52,-47,-54,-94,-59,-54,-43,-42,-21,-39,-40,-58,-68,-94,-94,-94,-95,-134,-93,-135,-115,-129,-118,-116,-10,-19,-16,-18,-8,-25,-25,-14,-10,-12,-5,-20,-7,-29,-22,-22,-8,-8,-20,-18,73,-20,-8,-17,-8,-11,-6,-6,-6,-8,0,0,-4,-7,0,0,0,0,0,0,0,0,0,0,0]} 1. e4 c6 2. d4 d5 3. exd5 cxd5 4. c4 Nf6 5. Nc3 Nc6 6. Nf3 Be6 7. c5 g6 8. Bb5 {B13: Caro-Kann: Exchange Variation and Panov-Botvinnik Attack} Bg7 9. O-O O-O 10. Bxc6 {White is slightly better.} (10. h3 Ne4 11. Re1 Nxc3 12. bxc3 Bd7 13. Bf4 Na5 14. a4 b6 15. Ne5 Be8 16. c6 Bxe5 17. dxe5 Bxc6 18. Bh6 Bxb5 19. Bxf8 Qxf8 20. axb5 e6 21. Ra4 {½-½ (21) Kislinsky,A (2513)-Turov,M (2618) Groningen 2017}) 10... bxc6 11. Qa4 Qc7 12. Re1 $146 ({Predecessor:} 12. Be3 Nd7 13. a3 Rab8 14. b4 Bg4 15. Nd2 e5 {0-1 (29) Ichimura G Barbosa,L (1975)-Mahalakshmi,M (1997) Pune 2014}) 12... Bf5 13. Ne5 $36 {[%mdl 2048] White fights for an advantage.} Rac8 14. Bf4 {aiming for Nxg6!} Qb7 15. Qb3 Qa6 16. h3 Ne4 17. Nxe4 dxe4 18. Qc3 f6 $2 (18... Rcd8 $11 {and Black is okay.}) 19. Qc4+ $2 (19. Qb3+ $18 e6 20. Nc4) 19... Qxc4 $15 20. Nxc4 Rfd8 21. Nd2 g5 22. Be3 Rb8 23. b3 Bg6 24. Nc4 Bf7 25. Nd2 Bd5 26. f3 exf3 27. Nxf3 Kf7 28. Kf2 Kg6 29. g4 h5 30. gxh5+ Kxh5 31. Rg1 {[%cal Rf3g5] [#]} Bxf3 (31... Bh6 $1 $17) 32. Kxf3 $11 Rd5 33. h4 Bh6 34. hxg5 fxg5 35. Rg4 Rf8+ 36. Kg3 e5 37. Rh1+ Kg6 38. Re4 Bg7 {[%cal Re5d4]} 39. dxe5 Rxe5 40. Rxe5 Bxe5+ {[%mdl 4096] Endgame KRB-KRB} 41. Kg4 Rd8 {[#]} (41... Bf6 $11 {keeps the balance.}) 42. Kf3 ({White should try} 42. Rh6+ $1 $16 {[%mdl 512]} Kxh6 43. Bxg5+ {[%mdl 64] Double Attack} Kg7 44. Bxd8) 42... Kf5 {The position is equal.} 43. Rg1 Bf6 44. Rf1 Rd5 45. Ke2+ Ke6 46. Rg1 Kf5 47. Rf1+ Kg6 48. b4 a6 49. a4 Bc3 50. Rb1 Kf5 51. b5 axb5 52. axb5 cxb5 53. Rxb5 {Hoping for c6!} Be5 {Accuracy: White = 43%, Black = 47%.} 1/2-1/2

[Event "11th LCC FIDE Open 2019"]
[Site "London"]
[Date "2019.12.05"]
[Round "9.23"]
[White "Bates, Caspar J"]
[Black "Van Zyl-Rudd, Jack"]
[Result "0-1"]
[WhiteElo "2120"]
[BlackElo "2290"]
[Annotator "NA"]
[PlyCount "52"]
[EventDate "2019.11.29"]
[EventType "swiss"]
[EventCountry "ENG"]
[SourceTitle "playchess.com"]
[Source "ChessBase"]
[SourceQuality "1"]
[TimeControl "40/5400+30:1800+30"]

1. d4 {[%emt 0:00:00]} Nf6 {[%emt 0:00:00]} 2. c4 {[%emt 0:00:00]} e6 {[%emt 0:00:00]} 3. Nf3 {[%emt 0:00:00]} d5 {[%emt 0:00:00]} 4. e3 {[%emt 0:00:08]} b6 {[%emt 0:00:00]} 5. cxd5 {[%emt 0:01:05]} exd5 {[%emt 0:00:00]} 6. Bb5+ {[%emt 0:00:07]} c6 {[%emt 0:00:05]} 7. Bd3 {[%emt 0:00:09]} Bd6 {[%emt 0:00:04]} 8. Nc3 {[%emt 0:04:41]} O-O {[%emt 0:00:14]} 9. Bd2 {[%emt 0:07:14]} Re8 {[%emt 0:01:20]} 10. Rc1 {[%emt 0:00:54]} Ne4 {[%emt 0:02:51]} 11. a3 {[%emt 0:04:56]} Bg4 {[%emt 0:01:27]} 12. Be2 {[%emt 0:06:55]} Qf6 {[%emt 0:19:31]} 13. h3 {[%emt 0:05:06]} Qh6 {[%emt 0:12:16]} 14. Nxe4 {[%emt 0:13:43]} dxe4 {[%emt 0:00:08]} 15. Ng1 {[%emt 0:02:40]} Bd7 {[%emt 0:17:44]} 16. b4 {[%emt 0:12:28]} Qg6 {[%emt 0:04:52]} 17. Bf1 {[%emt 0:00:33]} a5 {[%emt 0:09:50]} 18. Ne2 {[%emt 0:01:24]} axb4 {[%emt 0:03:49]} 19. axb4 {[%emt 0:03:23]} Na6 {[%emt 0:01:16]} 20. Nf4 {[%emt 0:07:01]} Bxf4 {[%emt 0:00:23]} 21. exf4 {[%emt 0:00:26]} e3 {[%emt 0:02:15]} 22. Bxe3 {[%emt 0:01:14]} Nxb4 {[%emt 0:01:52]} 23. Qd2 {[%emt 0:06:49]} Nd5 {[%emt 0:04:15]} 24. Kd1 {[%emt 0:02:51]} Ra3 {[%emt 0:01:48]} 25. Bc4 {[%emt 0:01:12]} Raxe3 {[%emt 0:01:25]} 26. Bxd5 {[%emt 0:00:38]} Rd3 {[%emt 0:00:08]} 0-1

[Event "11th LCC FIDE Open 2019"]
[Site "London"]
[Date "2019.12.05"]
[Round "9.24"]
[White "Tanmay Chopra"]
[Black "Zapolskis, Antanas"]
[Result "1-0"]
[WhiteElo "2082"]
[BlackElo "2280"]
[Annotator "TA"]
[PlyCount "67"]
[EventDate "2019.11.29"]
[EventType "swiss"]
[EventCountry "ENG"]
[SourceTitle "playchess.com"]
[Source "ChessBase"]
[SourceQuality "1"]

{[%evp 9,83,18,50,22,37,42,50,50,51,47,47,45,49,48,58,54,55,63,88,81,116,103,103,77,196,197,197,195,177,168,190,190,389,243,252,232,313,307,299,167,113,0,0,0,0,0,0,0,0,0,0,6,11,10,302,263,263,263,263,137,134,134,226,212,210,197,695,704,1553,1571,1972,1929,5943,6178,5964,5984]} 1. d4 d5 2. Nf3 Nf6 3. c4 c6 4. Qc2 a6 5. Nbd2 (5. g3 Bg4 6. Bg2 e6 7. O-O Nbd7 8. Nh4 Bh5 9. b3 h6 10. Bb2 g5 11. Nf3 Bg6 12. Qd1 Ne4 {0-1 (34) Thybo,J (2473)-Antipov,M (2588) Stockholm 2018}) 5... Nbd7 6. g3 {D11: Slav Defence: 3 Nf3 sidelines and 3...Nf6 4 e3 Bg4} e6 7. Bg2 Be7 8. O-O {White is slightly better.} O-O 9. e4 dxe4 10. Nxe4 Nxe4 11. Qxe4 c5 12. Rd1 cxd4 13. Nxd4 Bf6 $146 {Hoping for ...Nc5.} ({Predecessor:} 13... Qc7 14. Qe2 Bf6 15. b3 Rd8 16. Bb2 {1-0 (34) Rozhko,D (2354)-Shalin,A (2141) Taganrog 2015}) 14. Be3 Qc7 15. Rac1 Nc5 16. Qb1 e5 {[#]} (16... Rd8 $16 {was worth a try.}) 17. Nb5 $1 $18 {[%cal Rb5c7][%mdl 512]} axb5 18. cxb5 Qa5 19. Bxc5 Re8 20. b6 $1 Bg4 $2 (20... Qxa2 21. Qxa2 Rxa2) 21. Re1 Bg5 22. b4 $1 {[%cal Rb4a5,Bb2b4,Bb4b5][%mdl 32]} ({Resist} 22. Bxb7 $6 Bxc1 23. Rxc1 (23. Qxc1 Rab8 $16) 23... Qxa2 $16) 22... Qa6 23. b5 $1 {[%cal Rb5a6]} Qa5 24. Rc4 (24. Bxb7 $142 Bxc1 25. Rxc1 (25. Qxc1 Qxb5 26. Bxa8 Rxa8 $18)) 24... Be6 ({Better is} 24... Bf5 $18 25. Be4 Bxe4 26. Rcxe4 Bf6) 25. Rce4 (25. Rc2 $1 $16) 25... Bf5 $11 26. R1e2 Rac8 27. Qb4 $36 {[%mdl 2048] White is more active.} Qxb4 28. Bxb4 Rc1+ 29. Re1 Bxe4 30. Bxe4 {aiming for Rxc1.} Rxe1+ 31. Bxe1 {[%mdl 4096] Endgame KRB-KB} Re7 $2 {[%mdl 8192]} (31... Rc8 $1 $11 32. Kg2 Bd8) 32. h4 Bc1 33. Bb4 Rd7 {[#] Strongly threatening ...Rd4.} 34. Bc5 {Played: Be4-c6} 1-0

[Event "11th LCC FIDE Open 2019"]
[Site "London"]
[Date "2019.12.05"]
[Round "9.25"]
[White "Stoyanov, Viktor"]
[Black "Abrahams, Daniel"]
[Result "1/2-1/2"]
[WhiteElo "2272"]
[BlackElo "2185"]
[Annotator "NA"]
[PlyCount "76"]
[EventDate "2019.11.29"]
[EventType "swiss"]
[EventCountry "ENG"]
[SourceTitle "playchess.com"]
[Source "ChessBase"]
[SourceQuality "1"]
[TimeControl "40/5400+30:1800+30"]

1. e4 {[%emt 0:00:00]} c5 {[%emt 0:00:00]} 2. Nf3 {[%emt 0:00:00]} e6 {[%emt 0:00:00]} 3. d4 {[%emt 0:00:00]} cxd4 {[%emt 0:00:00]} 4. Nxd4 {[%emt 0:00:00]} a6 {[%emt 0:00:00]} 5. Nc3 {[%emt 0:00:03]} Qc7 {[%emt 0:00:20]} 6. Bd3 {[%emt 0:00:05]} Nf6 {[%emt 0:00:16]} 7. O-O {[%emt 0:00:10]} d6 {[%emt 0:00:21]} 8. Kh1 {[%emt 0:01:35]} Nbd7 {[%emt 0:00:23]} 9. Be3 {[%emt 0:00:15]} b5 {[%emt 0:00:44]} 10. a3 {[%emt 0:05:36]} Bb7 {[%emt 0:00:11]} 11. Qe2 {[%emt 0:01:13]} Nc5 {[%emt 0:00:37]} 12. Bd2 {[%emt 0:01:57]} Be7 {[%emt 0:00:29]} 13. b4 {[%emt 0:01:34]} Nxd3 {[%emt 0:00:09]} 14. cxd3 {[%emt 0:00:04]} O-O {[%emt 0:01:10]} 15. Rac1 {[%emt 0:02:16]} Qd7 {[%emt 0:00:25]} 16. f4 {[%emt 0:05:35]} Rfc8 {[%emt 0:01:28]} 17. Nb3 {[%emt 0:08:42]} Rc7 {[%emt 0:05:11]} 18. e5 {[%emt 0:13:07]} dxe5 {[%emt 0:00:30]} 19. fxe5 {[%emt 0:00:07]} Ne8 {[%emt 0:00:06]} 20. Ne4 {[%emt 0:00:45]} Bxe4 {[%emt 0:00:09]} 21. Qxe4 {[%emt 0:00:11]} Rac8 {[%emt 0:00:05]} 22. Rxc7 {[%emt 0:16:47]} Rxc7 {[%emt 0:04:05]} 23. h3 {[%emt 0:08:33]} Rc2 {[%emt 0:00:36]} 24. Be1 {[%emt 0:02:21]} Nc7 {[%emt 0:06:03]} 25. Qf3 {[%emt 0:04:10]} Bf8 {[%emt 0:01:00]} 26. Rf2 {[%emt 0:07:20]} Rxf2 {[%emt 0:01:34]} 27. Bxf2 {[%emt 0:00:05]} Nd5 {[%emt 0:00:25]} 28. Bc5 {[%emt 0:00:30]} Qc7 {[%emt 0:00:59]} 29. Bxf8 {[%emt 0:01:50]} Kxf8 {[%emt 0:00:29]} 30. Nc5 {[%emt 0:00:19]} Kg8 {[%emt 0:00:35]} 31. d4 {[%emt 0:04:24]} h6 {[%emt 0:01:08]} 32. Kh2 {[%emt 0:02:47]} a5 {[%emt 0:00:29]} 33. bxa5 {[%emt 0:00:13]} Qxa5 {[%emt 0:00:09]} 34. Nb7 {[%emt 0:01:58]} Qe1 {[%emt 0:02:52]} 35. Nd6 {[%emt 0:00:40]} Ne3 {[%emt 0:00:22]} 36. Qxf7+ {[%emt 0:02:22]} Kh7 {[%emt 0:00:07]} 37. Ne8 {[%emt 0:00:57]} Nf1+ {[%emt 0:00:10]} 38. Kg1 {[%emt 0:00:05]} Ne3+ {[%emt 0:00:22]} 1/2-1/2

[Event "11th LCC FIDE Open 2019"]
[Site "London"]
[Date "2019.12.05"]
[Round "9.26"]
[White "Orgler, Philipp"]
[Black "Czerw, Dawid"]
[Result "0-1"]
[WhiteElo "2047"]
[BlackElo "2255"]
[Annotator "NA"]
[PlyCount "50"]
[EventDate "2019.11.29"]
[EventType "swiss"]
[EventCountry "ENG"]
[SourceTitle "playchess.com"]
[Source "ChessBase"]
[SourceQuality "1"]
[TimeControl "40/5400+30:1800+30"]

1. d4 {[%emt 0:00:00]} Nf6 {[%emt 0:00:00]} 2. Nc3 {[%emt 0:00:00]} d5 {[%emt 0:00:00]} 3. Bf4 {[%emt 0:00:05]} a6 {[%emt 0:00:52]} 4. e3 {[%emt 0:04:15]} Bf5 {[%emt 0:00:47]} 5. f3 {[%emt 0:01:35]} e6 {[%emt 0:00:17]} 6. g4 {[%emt 0:00:58]} Bg6 {[%emt 0:00:06]} 7. h4 {[%emt 0:00:10]} h5 {[%emt 0:03:46]} 8. g5 {[%emt 0:00:32]} Nfd7 {[%emt 0:00:29]} 9. Bd3 {[%emt 0:01:42]} Bxd3 {[%emt 0:00:21]} 10. Qxd3 {[%emt 0:00:11]} c5 {[%emt 0:00:11]} 11. Nge2 {[%emt 0:03:00]} Nc6 {[%emt 0:01:17]} 12. e4 {[%emt 0:03:26]} Nb4 {[%emt 0:13:19]} 13. Qd2 {[%emt 0:05:52]} cxd4 {[%emt 0:00:11]} 14. Nd1 {[%emt 0:00:20]} dxe4 {[%emt 0:08:32]} 15. fxe4 {[%emt 0:02:52]} Nc6 {[%emt 0:01:40]} 16. g6 {[%emt 0:06:18]} fxg6 {[%emt 0:03:08]} 17. c3 {[%emt 0:05:50]} dxc3 {[%emt 0:01:43]} 18. Ndxc3 {[%emt 0:00:19]} Nde5 {[%emt 0:01:07]} 19. O-O-O {[%emt 0:01:00]} Qxd2+ {[%emt 0:01:29]} 20. Rxd2 {[%emt 0:00:17]} Be7 {[%emt 0:01:52]} 21. Bg3 {[%emt 0:04:25]} g5 {[%emt 0:02:34]} 22. Nd4 {[%emt 0:04:10]} Nxd4 {[%emt 0:06:22]} 23. Bxe5 {[%emt 0:04:11]} Nf3 {[%emt 0:00:07]} 24. Bxg7 {[%emt 0:00:16]} Rh7 {[%emt 0:00:05]} 25. Rf2 {[%emt 0:01:13]} g4 {[%emt 0:00:07]} 0-1

[Event "11th LCC FIDE Open 2019"]
[Site "London"]
[Date "2019.12.05"]
[Round "9.27"]
[White "Yoon, Jacob D"]
[Black "Berry, Neil"]
[Result "0-1"]
[WhiteElo "2037"]
[BlackElo "2250"]
[Annotator "TA"]
[PlyCount "38"]
[EventDate "2019.11.29"]
[EventType "swiss"]
[EventCountry "ENG"]
[SourceTitle "playchess.com"]
[Source "ChessBase"]
[SourceQuality "1"]

{[%evp 9,122,-34,-15,-17,-10,-27,-23,-29,-22,-15,-8,-13,4,-54,-24,-26,-39,-54,-21,-75,-53,-54,-47,-72,-29,-92,-35,-129,-116,-131,-126,-229,-230,-350,-354,-403,-417,-423,-425,-389,-334,-334,-332,-337,-333,-332,-327,-658,-412,-620,-680,-673,-650,-618,-610,-605,-608,-600,-599,-583,-558,-605,0,-508,-496,-476,-484,-497,-475,-479,-342,-436,-344,-366,-377,-375,-372,-360,-362,-357,-356,-428,-423,-479,-470,-526,-529,-627,-627,-739,-736,-706,-694,-9399,-7698,-6203,-6440,-5218,-5110,-5197,-10825,-29964,-29938,-12845,-9312,-29980,-29981,-29982,-29983,-29985,-29983,-29987,-29988,-29994,-29995]} 1. d4 Nf6 2. Nc3 d5 3. Bg5 h6 4. Bh4 e6 5. e3 (5. Bxf6 Qxf6 6. e4 c5 7. Nf3 cxd4 8. Qxd4 Qxd4 9. Nxd4 dxe4 10. Ndb5 Na6 11. Nxe4 Bd7 12. O-O-O Bc6 {½-½ (55) Steel,H (2414)-Yu,Y (2750) Fufeng 2017}) 5... Be7 6. Nf3 {D01: Veresov Opening} O-O 7. Be2 c5 $146 ({Predecessor:} 7... Nbd7 8. O-O b6 9. Bb5 Bb7 10. Bxd7 Nxd7 11. Bg3 Ba6 12. Re1 Bd6 13. Bxd6 cxd6 {½-½ (44) Schenke,C (1696)-Knocks,E (1658) Germany 2018}) 8. O-O {Black has an edge.} b6 9. Ne5 Bb7 10. f4 Nc6 11. Bf3 ({Better is} 11. Bb5 $11 Qc8 12. Bxc6 Bxc6 13. Qf3) 11... cxd4 12. Nxc6 Bxc6 13. exd4 Rc8 14. Kh1 (14. Qd3 $11) 14... b5 15. a3 a5 16. Qe1 Qb6 17. Ne2 (17. f5 $1 $11 {keeps the balance.}) 17... b4 (17... Rfe8 $17) 18. a4 (18. axb4 $15 Qxb4 19. f5) 18... Bb7 $36 {[%mdl 2048] Keeping White busy.} 19. c3 bxc3 {Played: Bb7-a6} 0-1

[Event "11th LCC FIDE Open 2019"]
[Site "London"]
[Date "2019.12.05"]
[Round "9.28"]
[White "Blackburn, Jonathan L B"]
[Black "Makkar, Rajat"]
[Result "1-0"]
[WhiteElo "2240"]
[BlackElo "2125"]
[Annotator "NA"]
[PlyCount "81"]
[EventDate "2019.11.29"]
[EventType "swiss"]
[EventCountry "ENG"]
[SourceTitle "playchess.com"]
[Source "ChessBase"]
[SourceQuality "1"]
[TimeControl "40/5400+30:1800+30"]

1. d4 {[%emt 0:00:00]} d5 {[%emt 0:00:00]} 2. c4 {[%emt 0:00:00]} c6 {[%emt 0:00:00]} 3. Nc3 {[%emt 0:00:00]} Nf6 {[%emt 0:00:40]} 4. e3 {[%emt 0:00:00]} e6 {[%emt 0:00:23]} 5. Bd2 {[%emt 0:00:07]} Nbd7 {[%emt 0:01:37]} 6. cxd5 {[%emt 0:01:38]} exd5 {[%emt 0:00:33]} 7. Bd3 {[%emt 0:00:19]} Bd6 {[%emt 0:01:33]} 8. g4 {[%emt 0:13:36]} Qe7 {[%emt 0:03:03]} 9. Qf3 {[%emt 0:06:25]} h6 {[%emt 0:06:20]} 10. h3 {[%emt 0:02:05]} Nf8 {[%emt 0:01:07]} 11. Nge2 {[%emt 0:22:26]} Ne6 {[%emt 0:02:14]} 12. Qg2 {[%emt 0:02:59]} Ng5 {[%emt 0:02:58]} 13. f4 {[%emt 0:00:57]} Nge4 {[%emt 0:01:10]} 14. Bxe4 {[%emt 0:00:31]} Nxe4 {[%emt 0:01:38]} 15. Nxe4 {[%emt 0:00:23]} dxe4 {[%emt 0:01:12]} 16. Ng3 {[%emt 0:01:37]} O-O {[%emt 0:01:02]} 17. Nxe4 {[%emt 0:02:39]} Bxf4 {[%emt 0:03:16]} 18. exf4 {[%emt 0:01:07]} Re8 {[%emt 0:02:38]} 19. Kf2 {[%emt 0:05:33]} Qxe4 {[%emt 0:00:36]} 20. Qxe4 {[%emt 0:00:22]} Rxe4 {[%emt 0:00:19]} 21. Rhe1 {[%emt 0:00:59]} Rxd4 {[%emt 0:04:45]} 22. Re8+ {[%emt 0:00:13]} Kh7 {[%emt 0:00:07]} 23. Bc3 {[%emt 0:05:00]} Rd7 {[%emt 0:01:47]} 24. a4 {[%emt 0:05:42]} a5 {[%emt 0:02:36]} 25. g5 {[%emt 0:04:15]} hxg5 {[%emt 0:11:21]} 26. Rg1 {[%emt 0:00:25]} Rd5 {[%emt 0:00:37]} 27. fxg5 {[%emt 0:05:43]} b6 {[%emt 0:01:39]} 28. Rf8 {[%emt 0:01:28]} Rd7 {[%emt 0:09:02]} 29. Rg4 {[%emt 0:05:03]} Rd5 {[%emt 0:00:43]} 30. Rh4+ {[%emt 0:03:08]} Kg6 {[%emt 0:00:08]} 31. Rhh8 {[%emt 0:00:29]} Rf5+ {[%emt 0:01:57]} 32. Ke3 {[%emt 0:00:51]} Ra7 {[%emt 0:01:16]} 33. Rxc8 {[%emt 0:00:32]} Re7+ {[%emt 0:00:08]} 34. Kd3 {[%emt 0:01:06]} Rd7+ {[%emt 0:00:59]} 35. Kc2 {[%emt 0:00:10]} Rc5 {[%emt 0:00:47]} 36. h4 {[%emt 0:00:40]} Rd4 {[%emt 0:00:37]} 37. Kb3 {[%emt 0:00:27]} Rdc4 {[%emt 0:00:41]} 38. Rcg8 {[%emt 0:01:38]} b5 {[%emt 0:00:29]} 39. Rxg7+ {[%emt 0:00:12]} Kf5 {[%emt 0:00:03]} 40. Rxf7+ {[%emt 0:00:07]} Kg4 {[%emt 0:00:04]} 41. g6 {[%emt 0:30:42]} 1-0

[Event "11th LCC FIDE Open 2019"]
[Site "London"]
[Date "2019.12.05"]
[Round "9.29"]
[White "Lee, Qing Aun"]
[Black "Pollack, Oscar"]
[Result "1-0"]
[WhiteElo "2228"]
[BlackElo "2112"]
[Annotator "NA"]
[PlyCount "75"]
[EventDate "2019.11.29"]
[EventType "swiss"]
[EventCountry "ENG"]
[SourceTitle "playchess.com"]
[Source "ChessBase"]
[SourceQuality "1"]
[TimeControl "40/5400+30:1800+30"]

1. e4 {[%emt 0:00:29]} e6 {[%emt 0:00:00]} 2. d4 {[%emt 0:00:14]} d5 {[%emt 0:00:00]} 3. Nd2 {[%emt 0:00:12]} Nf6 {[%emt 0:00:00]} 4. e5 {[%emt 0:00:09]} Nfd7 {[%emt 0:00:00]} 5. Bd3 {[%emt 0:00:21]} c5 {[%emt 0:00:00]} 6. c3 {[%emt 0:00:09]} Nc6 {[%emt 0:00:00]} 7. Ne2 {[%emt 0:00:10]} cxd4 {[%emt 0:00:00]} 8. cxd4 {[%emt 0:00:09]} f6 {[%emt 0:00:00]} 9. exf6 {[%emt 0:00:11]} Nxf6 {[%emt 0:00:00]} 10. O-O {[%emt 0:00:29]} Bd6 {[%emt 0:00:00]} 11. Nf3 {[%emt 0:00:07]} Qc7 {[%emt 0:00:09]} 12. Bd2 {[%emt 0:00:13]} O-O {[%emt 0:01:11]} 13. Rc1 {[%emt 0:00:14]} Bd7 {[%emt 0:05:32]} 14. Ng3 {[%emt 0:01:37]} Qb6 {[%emt 0:05:10]} 15. Bc3 {[%emt 0:00:18]} Nb4 {[%emt 0:06:09]} 16. Bb1 {[%emt 0:03:35]} Bb5 {[%emt 0:10:12]} 17. Re1 {[%emt 0:00:59]} Rae8 {[%emt 0:02:54]} 18. Ne5 {[%emt 0:04:03]} Nc6 {[%emt 0:04:17]} 19. f4 {[%emt 0:01:48]} Bxe5 {[%emt 0:12:06]} 20. fxe5 {[%emt 0:00:25]} Ne4 {[%emt 0:03:36]} 21. Nxe4 {[%emt 0:04:55]} dxe4 {[%emt 0:00:01]} 22. Bxe4 {[%emt 0:01:55]} Nxe5 {[%emt 0:03:07]} 23. a4 {[%emt 0:03:20]} Ba6 {[%emt 0:11:08]} 24. a5 {[%emt 0:00:17]} Qd8 {[%emt 0:02:38]} 25. dxe5 {[%emt 0:02:01]} Qh4 {[%emt 0:02:02]} 26. Qd2 {[%emt 0:12:13]} Rf7 {[%emt 0:03:17]} 27. Bb4 {[%emt 0:01:25]} g5 {[%emt 0:02:05]} 28. Qe3 {[%emt 0:02:52]} g4 {[%emt 0:01:18]} 29. Bd6 {[%emt 0:01:17]} Qd8 {[%emt 0:03:53]} 30. Bd3 {[%emt 0:01:57]} Bxd3 {[%emt 0:01:41]} 31. Qxd3 {[%emt 0:00:02]} Qxa5 {[%emt 0:00:17]} 32. Qd4 {[%emt 0:00:20]} Rg7 {[%emt 0:01:19]} 33. Rf1 {[%emt 0:00:38]} g3 {[%emt 0:00:43]} 34. h3 {[%emt 0:00:13]} a6 {[%emt 0:02:16]} 35. Rf4 {[%emt 0:00:59]} Kh8 {[%emt 0:00:00]} 36. Rcf1 {[%emt 0:00:23]} Reg8 {[%emt 0:00:00]} 37. Rf8 {[%emt 0:01:11]} Qd8 {[%emt 0:00:16]} 38. Rxd8 {[%emt 0:00:10]} 1-0

[Event "11th LCC FIDE Open 2019"]
[Site "London"]
[Date "2019.12.05"]
[Round "9.32"]
[White "Hill, Alistair"]
[Black "Ciocan, Maria-Alexandra"]
[Result "1-0"]
[WhiteElo "2193"]
[BlackElo "2058"]
[Annotator "NA"]
[PlyCount "33"]
[EventDate "2019.11.29"]
[EventType "swiss"]
[EventCountry "ENG"]
[SourceTitle "playchess.com"]
[Source "ChessBase"]
[SourceQuality "1"]
[TimeControl "40/5400+30:1800+30"]

1. e4 {[%emt 0:00:00]} c5 {[%emt 0:02:34]} 2. Nf3 {[%emt 0:00:15]} g6 {[%emt 0:00:07]} 3. c3 {[%emt 0:04:34]} d5 {[%emt 0:08:50]} 4. exd5 {[%emt 0:01:20]} Qxd5 {[%emt 0:01:18]} 5. d4 {[%emt 0:00:05]} cxd4 {[%emt 0:06:00]} 6. cxd4 {[%emt 0:02:18]} Bg7 {[%emt 0:00:32]} 7. Nc3 {[%emt 0:00:52]} Qa5 {[%emt 0:05:43]} 8. Qb3 {[%emt 0:12:37]} Nf6 {[%emt 0:12:15]} 9. Bb5+ {[%emt 0:03:43]} Bd7 {[%emt 0:05:09]} 10. Ne5 {[%emt 0:18:05]} O-O {[%emt 0:03:07]} 11. Bc4 {[%emt 0:02:40]} Be8 {[%emt 0:08:54]} 12. Qxb7 {[%emt 0:04:05]} Nbd7 {[%emt 0:00:14]} 13. Nc6 {[%emt 0:04:29]} Qb6 {[%emt 0:03:52]} 14. Qxa8 {[%emt 0:00:30]} e5 {[%emt 0:09:25]} 15. O-O {[%emt 0:03:01]} exd4 {[%emt 0:02:00]} 16. Ne7+ {[%emt 0:00:30]} Kh8 {[%emt 0:00:07]} 17. Ncd5 {[%emt 0:00:07]} 1-0